Descripción de los machos y anotaciones sobre la biología de Paratrigona anduzei y P. eutaeniata (<Hymenoptera: Apidae: Meliponini>) en Colombia (Registro nro. 14742)
[ vista simple ]
| 000 -CABECERA | |
|---|---|
| Campo de control | 004860000a22001330004500 |
| 090 ## - CLASIFICACIÓN LOCAL | |
| Colección | AS |
| Consecutivo | Seriadas |
| 041 0# - IDIOMA | |
| Código de idioma para texto/pista de sonido o título separado | |
| 100 1# - ASIENTO PRINCIPAL--NOMBRE PERSONAL | |
| Nombre personal | Nates Parra, Guiomar |
| 245 10 - MENCION DE TITULO | |
| Título | Descripción de los machos y anotaciones sobre la biología de Paratrigona anduzei y P. eutaeniata (<Hymenoptera: Apidae: Meliponini>) en Colombia |
| 700 1# - ASIENTO SECUNDARIO - NOMBRE PERSONAL | |
| Nombre personal | González B., Víctor Hugo |
| 700 1# - ASIENTO SECUNDARIO - NOMBRE PERSONAL | |
| Nombre personal | Ospina Torres, Rodulfo |
| 773 1# - Item fuente: | |
| Título | Caldasia |
| Especificación de materiales | 45 |
| Descripción física | 2 |
| Paginas del Articulo | 174-183 |
| Lugar, editorial y fecha de publicación | 1999 |
| Información sobre la relación | 21 |
| 942 ## - ELEMENTOS ADICIONALES (KOHA) | |
| Tipo de ítem | Artículo |
No hay ítems disponibles.